| 000 | 00385nam a2200145Ia 4500 | ||
|---|---|---|---|
| 008 | 231129s1982||||xx |||||||||||||| ||spa|| | ||
| 020 | _a84-85609-71-9 | ||
| 040 | _bspa | ||
| 082 | _a613.951 L864a | ||
| 100 | _aLopez Ibor J.J. | ||
| 245 | 0 | _aDespertar sexual de los adolescentes | |
| 260 | _c1982 | ||
| 264 | _aEdiciones UVE | ||
| 942 |
_2ddc _cBKS |
||
| 999 |
_c9123 _d9123 |
||